Náklady a prínosy mestských opatrení adaptácie na zmenu klímy bakalárska práca

Guardado en:
Detalles Bibliográficos
Autor principal: Grnja, Patricia
Autor Corporativo: Národohospodárska fakulta EU. Katedra financií
Otros Autores: Engeľ, Marek, 1995-
Formato: Libro
Lenguaje:eslovaco
Publicado: Bratislava 2022
Etiquetas: Agregar Etiqueta
Sin Etiquetas, Sea el primero en etiquetar este registro!

MARC

LEADER 00000nbm a2200000 4500
001 0287421
005 20221021084253.2
041 0 |a slo 
044 |a SK 
245 1 0 |a Náklady a prínosy mestských opatrení adaptácie na zmenu klímy  |b bakalárska práca  |c Patricia Grnja ; školiteľ: Marek Engeľ 
264 1 |a Bratislava  |c 2022 
300 |a 54 s. 
100 1 |a Grnja, Patricia 
700 1 |a Engeľ, Marek, 1995- 
710 2 |a Národohospodárska fakulta EU. Katedra financií